00634nam a2200193Ia 4500003000500000005001700005008004100022020001800063040000900081082001300090100004300103245004000146250001600186260004300202300004800245500004900293610004800342700005000390322820240923105726.0210817s9999 xx 000 0 eng d a9781770097964 c3228 aEJF KOWE a Kowen, Dorothy Johannesburg, 2010  0aThe gift of gold cby Dorothy Kowen aNew edition aAuckland Park :bJacana Media,c 2010. a22 pages : bcolor illustrations ; c 22 cm aAlso available in Afrikaans, Xhosa and Zulu. aChildren's stories, South African (English) aillustrations by Gillian Mathew.eillustrator